Les langues les plus parlées en Nouvelle-Zélande - Statistiques

Statistiques générales
  • Ce quiz a été pris 74 fois
  • Le résultat moyen est 8 sur 18
Statistiques - réponses
Hint Réponse % Correct
~99% Anglais
100%
1.2% Français
89%
0.83% Espagnol
88%
0.88% Allemand
73%
0.54% Japonais
64%
2.0% Mandarin
61%
3.9% Te Reo Māori
56%
0.57% Hindi fidjien
52%
1.5% Hindi
48%
0.67% Coréen
42%
0.50% Néerlandais
34%
1.1% Cantonais
31%
0.92% Tagalog
25%
2.2% Samoan
17%
0.76% Tongien
14%
0.79% Afrikaans
11%
0.73% Punjabi
6%
0.47% Gujurati
2%
Aucun quiz correspondant
Distribution des résultats
% des personnes avec chaque résultat
Percentile par nombre de réponses
Votre historique - résultats
Vous n’avez pas pris ce quiz